[Event "Druzynowe Mistrzostwa Polski - I Liga 2018"]
[Site "Pokrzywna"]
[Date "1899-12-30"]
[Round "2.23"]
[White "Flis, Pawel"]
[Black "Jaworski, Miroslaw"]
[Result "0-1"]
[WhiteTitle "k"]
[BlackTitle "IM"]
[WhiteElo "1922"]
[BlackElo "2207"]

1. e4 c5 2. Nc3 Nc6 3. Bb5 Na5 4. Nf3 a6 5. Be2 d6 6. d4 cxd4 7. Nxd4 Nf6 8. a4
e6 9. Be3 Be7 10. O-O O-O 11. f4 Qc7 12. Qe1 Nc4 13. Bc1 d5 14. Bxc4 Qxc4 15.
Nf3 Nxe4 16. Ne5 Qd4+ 17. Be3 Qxe3+ 18. Qxe3 Bc5 19. Qxc5 Nxc5 20. Rad1 a5 21.
b3 Bd7 22. Nxd5 exd5 23. Rxd5 Bxa4 24. Rxc5 Be8 25. Rc7 b5 26. Rd1 f6 27. Nf3
Rf7 28. Rxf7 Kxf7 29. Kf2 a4 30. Ra1 Ke6 31. Ke3 Kd5 32. bxa4 bxa4 33. Nd2 Bb5
34. Nb1 Re8+ 35. Kf3 Kd4 36. c3+ Kd3 37. Na3 Bc6+ 38. Kg4 Re2 39. Rd1+ Rd2 40.
Rc1 Rxg2+ 41. Kh3 Ra2 42. Rd1+ Ke2 43. Rd6 Rxa3 44. Rxc6 Kd2 45. Kg4 Rxc3 46.
Rd6+ Rd3 47. Ra6 Rd4 48. Kf5 Ke3 0-1

[Event "Druzynowe Mistrzostwa Polski - I Liga 2018"]
[Site "Pokrzywna"]
[Date "1899-12-30"]
[Round "2.24"]
[White "Zemlickova, Olena"]
[Black "Miturova, Magdalena"]
[Result "0-1"]
[WhiteTitle "WIM"]
[BlackTitle "WIM"]
[WhiteElo "2096"]
[BlackElo "2204"]

1. d4 Nf6 2. Nf3 e6 3. e3 b6 4. Bd3 Bb7 5. O-O Be7 6. c4 c5 7. Nc3 O-O 8. d5 d6
9. e4 e5 10. Ne1 Nbd7 11. Nc2 Re8 12. a3 Nf8 13. Ne3 Ng6 14. g3 h6 15. Nf5 Bf8
16. Qf3 Bc8 17. Nd1 Nh7 18. Nde3 Ne7 19. Nxe7+ Qxe7 20. Nf5 Qf6 21. Nh4 Qd8 22.
Re1 g6 23. Qd1 Bg7 24. Rb1 a5 25. b4 axb4 26. axb4 Ng5 27. Be3 Nh3+ 28. Kh1 Ra2
29. Re2 Ra3 30. f3 Nf4 31. Rd2 Bh3 32. Bf2 Bf6 33. gxf4 Bxh4 34. Bxh4 Qxh4 35.
bxc5 bxc5 36. fxe5 Rxe5 37. Qe1 Qf4 38. Qe2 Rg5 39. Rg1 Rxg1+ 40. Kxg1 Qg5+ 41.
Kf2 Ra1 42. Rd1 Ra2 43. Rg1 Rxe2+ 44. Bxe2 Qe5 45. Rg3 Qd4+ 46. Ke1 Bc8 47. h4
h5 48. Rg2 Qf6 0-1

[Event "Druzynowe Mistrzostwa Polski - I Liga 2018"]
[Site "Pokrzywna"]
[Date "1899-12-30"]
[Round "2.25"]
[White "Gritsak, Orest"]
[Black "Lewtak, Damian"]
[Result "1/2-1/2"]
[WhiteTitle "GM"]
[BlackTitle "m"]
[WhiteElo "2450"]
[BlackElo "2430"]

1. Nf3 Nf6 2. d4 e6 3. c4 d5 4. Nc3 dxc4 5. e4 Bb4 6. Bg5 c5 7. Bxc4 cxd4 8. Nxd4
Bxc3+ 9. bxc3 Qa5 10. Nb5 O-O 11. Bxf6 gxf6 12. Qg4+ Kh8 13. Qh4 Nd7 14. Rd1 a6
15. Rxd7 Bxd7 16. Qxf6+ Kg8 17. Qg5+ Kh8 18. Qf6+ Kg8 19. Qg5+ Kh8 1/2-1/2

[Event "Druzynowe Mistrzostwa Polski - I Liga 2018"]
[Site "Pokrzywna"]
[Date "1899-12-30"]
[Round "2.26"]
[White "Reza, Wojciech"]
[Black "Miroslaw, Michal"]
[Result "1-0"]
[WhiteTitle "FM"]
[BlackTitle "FM"]
[WhiteElo "2284"]
[BlackElo "2280"]

1. e4 c6 2. c4 g6 3. Nc3 Bg7 4. d4 d6 5. Be3 Nf6 6. h3 Qa5 7. Bd3 c5 8. Nf3 cxd4
9. Nxd4 Nc6 10. Nb3 Qd8 11. O-O O-O 12. Rc1 b6 13. Qe2 Bb7 14. Bb1 Rc8 15. Rfd1
Nd7 16. f4 Qe8 17. Nd2 f5 18. Nf3 Nc5 19. exf5 gxf5 20. Nh4 e6 21. Nb5 Qe7 22.
Bf2 Rcd8 23. Re1 a6 24. Nc3 Nd4 25. Qh5 Bf6 26. Nd5 Qg7 27. Nxf6+ Qxf6 28. Rc3
Rd7 29. Rg3+ Rg7 30. Rxg7+ Kxg7 31. Qd1 Nc6 32. Qxd6 Qxb2 33. Bxc5 bxc5 34. Qxe6
Qd4+ 35. Kh1 Qxf4 36. Nxf5+ Kh8 37. Qd7 Ne7 38. Qxe7 Bxg2+ 39. Kg1 1-0

[Event "Druzynowe Mistrzostwa Polski - I Liga 2018"]
[Site "Pokrzywna"]
[Date "1899-12-30"]
[Round "2.27"]
[White "Panas, Pawel"]
[Black "Licznerski, Lukasz"]
[Result "1/2-1/2"]
[WhiteTitle "k"]
[BlackTitle "FM"]
[WhiteElo "2181"]
[BlackElo "2277"]

1. e4 e5 2. Nf3 Nc6 3. Bb5 Nf6 4. d3 Bc5 5. O-O Nd4 6. Nxd4 Bxd4 7. c3 Bb6 8. Nd2
c6 9. Bc4 O-O 10. Bb3 d5 11. h3 Qd6 12. Qf3 Be6 13. Re1 Nd7 14. g4 Rad8 15. Qg3
Nc5 16. Bc2 dxe4 17. Nxe4 Nxe4 18. dxe4 f6 19. Qf3 Rd7 20. Rd1 Qc7 21. Rxd7 Qxd7
22. Be3 h5 23. Rd1 hxg4 24. hxg4 Qf7 25. Bxb6 axb6 26. Bb3 Bxb3 27. axb3 Qxb3
28. Rd7 Rf7 29. Rd8+ Rf8 30. Rd7 Qxb2 31. Rxb7 Rf7 32. Rb8+ Rf8 33. Rb7 b5 34.
Kg2 Qd2 35. Qf5 Rd8 36. Qe6+ Kh8 37. Qe7 Rg8 38. Qf7 Qg5 39. f3 Qd2+ 40. Kh3 Qh6+
41. Kg2 Ra8 42. Rc7 Ra1 43. Qh5 Qxh5 44. gxh5 Ra6 45. Kg3 Kh7 46. Kg4 Kh6 47.
Rc8 g6 48. hxg6 Kxg6 49. Rc7 Rb6 50. Rc8 Kf7 51. Kf5 Ke7 52. Rc7+ Kd6 53. Rf7
Kc5 54. Kxf6 Kc4 55. Kxe5 Kxc3 56. Kd6 b4 57. Kc5 b3 58. Kxb6 b2 59. Kxc6 b1=Q
60. Rf5 Qb8 61. Kd7 Kd4 62. Ke7 Qc7+ 63. Ke6 Qg7 64. Rd5+ Ke3 65. Rf5 Qg6+ 66.
Ke7 Kd4 67. Rd5+ Ke3 68. Rf5 Qc6 69. Kf7 Qd6 70. Rf6 Qd7+ 71. Kg6 Qe8+ 72. Kg7
Qe7+ 73. Kg6 Kf2 74. Rf7 Qe6+ 75. Kg7 Kg3 76. Rf5 Qe8 77. Kf6 Kh4 78. Kg7 Qe7+
79. Kg6 Kg3 80. Rf7 Qe5 81. Rf5 Qe7 82. Rf7 Qe6+ 83. Kg7 Qe5+ 84. Kg6 Qh8 85.
Rf5 Qg8+ 86. Kf6 Kf2 87. Ke7 Ke3 88. Kf6 Kd4 89. Rd5+ Kc4 90. Rf5 Qh7 91. Ke6
Qg8+ 92. Kf6 Qe8 93. Kg7 Qe6 94. Rf6 Qe7+ 95. Kg6 Kc5 96. Rf5+ Kd6 97. Rf6+ Ke5
98. Rf5+ Ke6 99. Kh6 Qc7 100. Kg6 Qg3+ 101. Kh5 Ke7 102. Kh6 Qh4+ 103. Kg6 Ke6
104. Kg7 Qd8 105. Kg6 Qh8 106. Kg5 Qg7+ 107. Kh5 Qg6+ 1/2-1/2

[Event "Druzynowe Mistrzostwa Polski - I Liga 2018"]
[Site "Pokrzywna"]
[Date "1899-12-30"]
[Round "2.28"]
[White "Duch, Mariusz"]
[Black "Dybowski, Jerzy"]
[Result "0-1"]
[WhiteTitle "k"]
[BlackTitle "FM"]
[WhiteElo "2233"]
[BlackElo "2276"]

1. g3 f5 2. Bg2 Nf6 3. c4 e6 4. Nf3 c6 5. O-O d5 6. d3 Bd6 7. Nc3 Bb4 8. Qb3 Na6
9. e4 dxe4 10. dxe4 Be7 11. Be3 Qa5 12. Rfe1 Nxe4 13. Nxe4 fxe4 14. Nd2 Nc5 15.
Qc2 O-O 16. a3 Nd3 17. Re2 Qh5 18. Nxe4 Ne5 19. f4 Ng4 20. h3 Nxe3 21. Rxe3 e5
22. Nf2 exf4 23. Rxe7 Qc5 24. Re2 fxg3 25. Kh1 gxf2 26. Rf1 Qh5 27. Rexf2 Bxh3
28. Rxf8+ Rxf8 29. Rxf8+ Kxf8 30. Qf2+ Qf5 31. Qxa7 Bxg2+ 32. Kxg2 Qc2+ 33. Kh3
Qb3+ 34. Kh2 Qxb2+ 35. Kh1 Kf7 36. c5 h5 37. a4 Ke6 38. Qb8 Qc1+ 39. Kg2 Qg5+
40. Kf1 Qf5+ 41. Kg2 Qxc5 42. Qxb7 Qc2+ 43. Kh1 Qe4+ 44. Kh2 Qxa4 45. Qc8+ Kd6
46. Qf8+ Kd5 47. Qf5+ Kc4 48. Qf4+ Kb3 49. Qe3+ Kb2 50. Qe5+ Ka2 51. Qe2+ Ka3
52. Qe3+ Qb3 53. Qa7+ Kb2 54. Qxg7+ Qc3 55. Qh6 Qe5+ 56. Kh3 c5 57. Qd2+ Kb3 58.
Qd1+ Kc4 59. Qa4+ Kd5 60. Qd7+ Ke4 61. Qa4+ Kf5 62. Qc2+ Kg5 63. Qg2+ Kf6 64.
Kh4 Qe7 65. Qd5 Qe1+ 66. Kxh5 Qe5+ 0-1

[Event "Druzynowe Mistrzostwa Polski - I Liga 2018"]
[Site "Pokrzywna"]
[Date "1899-12-30"]
[Round "2.29"]
[White "Praszak, Michal"]
[Black "Renkowski, Piotr"]
[Result "1/2-1/2"]
[WhiteTitle "m"]
[BlackTitle "k+"]
[WhiteElo "2068"]
[BlackElo "2199"]

1. d4 d5 2. c4 e6 3. Nc3 Nf6 4. Bg5 c6 5. e3 Nbd7 6. cxd5 exd5 7. Bd3 Be7 8. Nge2
O-O 9. Qc2 Re8 10. h3 Ne4 11. Bf4 Ndf6 12. g4 h6 13. f3 Nxc3 14. Nxc3 c5 15. Bb5
Bd7 16. Bxd7 Qxd7 17. O-O-O cxd4 18. exd4 b5 19. Kb1 a5 20. Qd3 b4 21. Ne2 a4
22. h4 b3 23. a3 Rac8 24. Rc1 Rxc1+ 25. Rxc1 Nh7 26. Bg3 Bf6 27. Nc3 Nf8 28. Bf2
Ng6 29. Rh1 Nxh4 30. Bxh4 Bxh4 31. Qa6 Bf6 32. Rd1 Re3 33. Qa8+ Kh7 34. Nxd5 Rxf3
35. Ne7 Qxe7 36. Qxf3 Qd6 37. Qe4+ g6 38. Qe2 Qd5 39. Qd3 Qg2 40. Qc4 Kg7 41.
Qf1 Qxg4 42. d5 Qe4+ 43. Qd3 Qxd3+ 44. Rxd3 h5 45. d6 g5 46. d7 Bd8 47. Kc1 h4
48. Kd2 f5 49. Ke2 Kf6 50. Re3 Be7 51. Rd3 Bd8 52. Re3 Be7 53. Kf2 g4 54. Rd3
Bd8 55. Re3 h3 56. Kf1 Be7 57. Rd3 Bd8 58. Re3 Be7 59. Rd3 Bd8 60. Re3 f4 61.
Re8 1/2-1/2

[Event "Druzynowe Mistrzostwa Polski - I Liga 2018"]
[Site "Pokrzywna"]
[Date "1899-12-30"]
[Round "3.1"]
[White "Lewtak, Damian"]
[Black "Jakubiec, Artur"]
[Result "0-1"]
[WhiteTitle "m"]
[BlackTitle "GM"]
[WhiteElo "2430"]
[BlackElo "2514"]

1. d4 f5 2. Nh3 Nf6 3. g3 g6 4. Bg2 Bg7 5. O-O O-O 6. b3 d6 7. Bb2 Ng4 8. Nc3 e5
9. dxe5 Nxe5 10. Qd5+ Nf7 11. Qd2 c6 12. Na4 Bxb2 13. Nxb2 Nd7 14. Rad1 Nf6 15.
c4 Ne4 16. Qc2 Qe7 17. f3 Nf6 18. f4 Ng4 19. Rfe1 Ne3 20. Qd3 Nxd1 21. Nxd1 Be6
22. Nhf2 Qf6 23. Nc3 Rae8 24. e4 Bc8 25. Rd1 Re7 26. exf5 gxf5 27. Rf1 Rfe8 28.
Nfd1 Nd8 29. Rf2 Ne6 30. Rd2 Nc5 31. Qxd6 Qxd6 32. Rxd6 Rd7 33. Rxd7 Bxd7 34.
Bf1 a5 35. Kf2 Kf7 36. Nb2 Ke6 37. Nba4 Kd6 38. Nb6 Be6 39. Be2 Bf7 40. h3 Be6
41. g4 Rg8 42. g5 h6 43. h4 hxg5 44. hxg5 Rh8 45. Ke3 Bf7 46. Nba4 Rh3+ 47. Kd2
Rh2 48. Ke3 Bg6 49. Nxc5 Kxc5 50. Bd3 Kb4 51. Ne2 Rh3+ 52. Kd2 Rf3 53. a4 Ka3
54. Kc2 c5 55. Kc3 Rf2 56. Kd2 Kxb3 57. Ke3 Rxe2+ 58. Bxe2 Kxa4 59. Kd3 Kb4 60.
Kc2 a4 61. Bf1 b6 62. Be2 a3 63. Bf1 a2 64. Kb2 a1=Q+ 65. Kxa1 Kc3 66. Ka2 Kd4
67. Ka3 Ke3 68. Bg2 Be8 69. g6 Bxg6 70. Bc6 Kxf4 71. Ka4 Ke5 72. Kb5 Kd4 0-1

[Event "Druzynowe Mistrzostwa Polski - I Liga 2018"]
[Site "Pokrzywna"]
[Date "1899-12-30"]
[Round "3.2"]
[White "Marczuk, Dominik"]
[Black "Reza, Wojciech"]
[Result "1/2-1/2"]
[WhiteTitle "k"]
[BlackTitle "FM"]
[WhiteElo "2293"]
[BlackElo "2284"]

1. d4 Nf6 2. Nc3 d5 3. Bf4 e6 4. Nb5 Na6 5. a3 c6 6. Nc3 Bd6 7. e3 Bxf4 8. exf4
b6 9. Nf3 Nc7 10. Ne5 Qd6 11. Be2 O-O 12. O-O c5 13. Bf3 Ba6 14. Re1 Rac8 15.
Qd2 Rfd8 16. a4 Nce8 17. Nb5 Qb8 18. dxc5 bxc5 19. Qa5 Qb7 20. c4 Nd6 21. Rac1
Nde4 22. Red1 g6 23. g3 Qb6 24. Qxb6 axb6 25. b3 Bb7 26. Ra1 Ra8 27. h4 h5 28.
Bg2 Kg7 29. Rac1 Nd6 30. Ra1 Nxb5 31. axb5 Kf8 32. Kf1 Rxa1 33. Rxa1 Ra8 34. Rxa8+
Bxa8 35. Bf3 Ke7 36. Ke2 Bb7 37. Kd2 Nd7 1/2-1/2

[Event "Druzynowe Mistrzostwa Polski - I Liga 2018"]
[Site "Pokrzywna"]
[Date "1899-12-30"]
[Round "3.3"]
[White "Licznerski, Lukasz"]
[Black "Chmiel, Marcin"]
[Result "1-0"]
[WhiteTitle "FM"]
[BlackTitle "k"]
[WhiteElo "2277"]
[BlackElo "2237"]

1. e4 c5 2. Nf3 Nc6 3. Nc3 g6 4. d4 cxd4 5. Nxd4 Bg7 6. Nb3 Nf6 7. Be2 O-O 8. O-O
a6 9. Re1 d6 10. Bf1 b5 11. Nd5 e6 12. Nxf6+ Bxf6 13. c3 Bb7 14. Bf4 Ne5 15. a4
Nc4 16. Ra2 Rc8 17. axb5 axb5 18. Bxc4 bxc4 19. Na5 Ba8 20. Bxd6 Re8 21. Ra4 Bg7
22. Nxc4 f5 23. e5 Bc6 24. Rb4 Qg5 25. f3 Bh6 26. Qe2 Ra8 27. Bc5 Red8 28. Be3
f4 29. Bb6 Rd5 30. Bd4 Rb5 31. Rxb5 Bxb5 32. Qe4 Ra2 33. Bc5 Qd8 34. Ba3 Bf8 35.
Nd6 Qb6+ 36. Kh1 g5 37. Qb1 Qf2 38. Rg1 Rxa3 39. bxa3 Bc6 40. Ne4 Qh4 41. Nf6+
Kg7 42. Qb6 Ba4 43. Qa7+ 1-0

[Event "Druzynowe Mistrzostwa Polski - I Liga 2018"]
[Site "Pokrzywna"]
[Date "1899-12-30"]
[Round "3.4"]
[White "Gbyl, Andrzej"]
[Black "Duch, Mariusz"]
[Result "1-0"]
[WhiteTitle "k+"]
[BlackTitle "k"]
[WhiteElo "2248"]
[BlackElo "2233"]

1. d4 d6 2. Nf3 Nf6 3. c4 Nbd7 4. Nc3 e5 5. g3 g6 6. Bg2 Bg7 7. O-O O-O 8. Qc2
Re8 9. Rd1 h6 10. e4 c6 11. h3 Qe7 12. d5 a5 13. Be3 Nc5 14. Bxc5 dxc5 15. Ne1
cxd5 16. cxd5 Bd7 17. a4 Red8 18. Nf3 Ne8 19. Nd2 Nd6 20. Qb3 h5 21. Nc4 h4 22.
Nxd6 Qxd6 23. g4 Rdc8 24. Qc4 Bf8 25. Nb1 Qb6 26. b3 Bd6 27. Na3 Qd8 28. Qd3 b6
29. Bf1 Qe7 30. Qe3 Rf8 31. Bb5 Bc8 32. Nc4 Rb8 33. Nxd6 Qxd6 34. Qg5 Kg7 35.
Qxh4 Rh8 36. Qg3 g5 37. Kg2 f6 38. Rh1 Rh4 39. Rad1 Bb7 40. Qd3 Rbh8 41. Bc6 Bc8
42. Qb5 Kg6 43. Qxb6 Qf8 44. Qc7 Qh6 45. Qe7 1-0

[Event "Druzynowe Mistrzostwa Polski - I Liga 2018"]
[Site "Pokrzywna"]
[Date "1899-12-30"]
[Round "3.5"]
[White "Renkowski, Piotr"]
[Black "Bukojemski, Adam"]
[Result "1-0"]
[WhiteTitle "k+"]
[BlackTitle "k"]
[WhiteElo "2199"]
[BlackElo "2222"]

1. e4 c5 2. Nf3 Nc6 3. d4 cxd4 4. Nxd4 Nf6 5. Nc3 e6 6. Be3 Qc7 7. Be2 Bb4 8. O-O
a6 9. Nxc6 bxc6 10. Qd4 c5 11. Qc4 Bb7 12. Bf3 Qe5 13. Na4 d6 14. c3 Bc6 15. Nb6
Bb5 16. Qb3 Rb8 17. Nc4 Bxc4 18. Qxc4 Ba5 19. Qa4+ 1-0

[Event "Druzynowe Mistrzostwa Polski - I Liga 2018"]
[Site "Pokrzywna"]
[Date "1899-12-30"]
[Round "3.6"]
[White "Jakubiec, Edyta"]
[Black "Jablonska, Sabina"]
[Result "1/2-1/2"]
[WhiteTitle "WIM"]
[BlackTitle "k"]
[WhiteElo "2153"]
[BlackElo "1956"]

1. e4 c5 2. Nf3 e6 3. d4 cxd4 4. Nxd4 Nc6 5. Nc3 Qc7 6. Be3 a6 7. Qd2 Nf6 8. f3
Be7 9. O-O-O b5 10. g4 O-O 11. g5 b4 12. Nce2 Nh5 13. Nxc6 dxc6 14. Ng3 g6 15.
Nxh5 gxh5 16. Bc4 e5 17. Qe2 a5 18. Rhg1 Kh8 19. Rdf1 Bd6 20. Rd1 Qe7 21. Qd2
Bc7 22. f4 Bg4 23. Rde1 Be6 24. Qe2 Bxc4 25. Qxc4 Qe6 26. Qxe6 fxe6 27. g6 Rf6
28. fxe5 Rxg6 29. Bf4 Rg4 30. Rxg4 hxg4 31. Rd1 Rf8 32. Bg3 Rf7 33. Rd4 h5 34.
Rc4 h4 35. Bxh4 Bxe5 36. Rxc6 Bxh2 37. Rxe6 Kg7 38. Ra6 g3 39. Rxa5 Rd7 40. Rg5+
Kh6 41. Bxg3 Kxg5 42. Bxh2 Rd4 43. Bc7 Rxe4 44. Ba5 Kf5 45. c3 bxc3 46. Bxc3 Ke6
47. Kc2 Kd5 48. Kb3 Ke5 1/2-1/2

[Event "Druzynowe Mistrzostwa Polski - I Liga 2018"]
[Site "Pokrzywna"]
[Date "1899-12-30"]
[Round "3.7"]
[White "Markowski, Tomasz"]
[Black "Gritsak, Orest"]
[Result "1/2-1/2"]
[WhiteTitle "GM"]
[BlackTitle "GM"]
[WhiteElo "2546"]
[BlackElo "2450"]

1. c4 b6 2. Nf3 Bb7 3. g3 Bxf3 4. exf3 c5 5. d4 cxd4 6. Qxd4 Nc6 7. Qd3 Rc8 8.
Nc3 g6 9. f4 Bg7 10. Bd2 Nb4 11. Qb1 Nh6 12. a3 Nc6 13. Bd3 Nf5 14. Qd1 Nfd4 15.
b3 h5 16. O-O h4 17. Re1 hxg3 18. hxg3 d6 19. Be4 Qd7 20. Bg2 Kf8 21. Rb1 Qf5
22. Nd5 Qh5 23. Qxh5 Rxh5 24. Bc3 e6 25. Nb4 Nxb4 26. Bxb4 Ke7 27. Rbd1 a5 28.
Bc3 Ne2+ 29. Rxe2 Bxc3 30. Rd3 Bg7 31. a4 1/2-1/2

[Event "Druzynowe Mistrzostwa Polski - I Liga 2018"]
[Site "Pokrzywna"]
[Date "1899-12-30"]
[Round "3.8"]
[White "Miroslaw, Michal"]
[Black "Jakubowski, Krzysztof"]
[Result "0-1"]
[WhiteTitle "FM"]
[BlackTitle "GM"]
[WhiteElo "2280"]
[BlackElo "2508"]

1. e4 c5 2. Nf3 Nc6 3. d4 cxd4 4. Nxd4 Qb6 5. Nb3 Nf6 6. Nc3 e6 7. Be3 Qc7 8. Bd3
a6 9. O-O b5 10. f4 b4 11. Na4 Rb8 12. c4 bxc3 13. Nxc3 h5 14. Be2 Rb4 15. Bf3
Qb8 16. Rf2 a5 17. Qe2 Bd6 18. e5 Nxe5 19. fxe5 Bxe5 20. h3 a4 21. Nc5 a3 22.
bxa3 Bxc3 23. axb4 Bxa1 24. b5 Ng4 25. Bxg4 hxg4 26. Bf4 Qb6 27. Nb3 gxh3 28.
Nxa1 hxg2 29. Kxg2 Bb7+ 30. Kg3 Qd4 31. Qe5 Qd3+ 32. Be3 f6 33. Qd4 Qh7 34. Qg4
f5 35. Qg5 d6 36. Rc2 Qh3+ 37. Kf2 Qf3+ 38. Ke1 Rh1+ 39. Bg1 Qe4+ 40. Re2 Qb4+
41. Kf1 Kf7 42. Nc2 Qxb5 43. Nd4 Qb1+ 44. Kf2 Be4 45. Nxe6 Kxe6 46. Qg6+ Kd5 47.
Qxg7 Qb6+ 48. Re3 Kc6 49. Ke2 Qb5+ 50. Kf2 Qc5 51. Qg8 Qc2+ 52. Re2 Qc5+ 53. Re3
Kb7 54. Qb3+ Ka6 55. Qa4+ Kb6 56. Qb3+ Kc6 57. Ke2 Qb5+ 58. Qxb5+ Kxb5 59. Bf2
d5 60. Rc3 f4 61. Rc8 Ra1 62. Ra8 Kc6 63. Ra6+ Kd7 64. Bd4 Rc1 65. Rf6 Rc4 66.
Be5 f3+ 67. Kd1 0-1

[Event "Druzynowe Mistrzostwa Polski - I Liga 2018"]
[Site "Pokrzywna"]
[Date "1899-12-30"]
[Round "3.9"]
[White "Krzyzanowski, Marcin"]
[Black "Panas, Pawel"]
[Result "1-0"]
[WhiteTitle "IM"]
[BlackTitle "k"]
[WhiteElo "2477"]
[BlackElo "2181"]

1. e4 e6 2. d4 d5 3. Nd2 dxe4 4. Nxe4 Nd7 5. Nf3 Ngf6 6. Bd3 Be7 7. Qe2 Nxe4 8.
Bxe4 c5 9. c3 Nf6 10. Bc2 Qc7 11. dxc5 Qxc5 12. Be3 Qc7 13. Bd4 Bd7 14. Ne5 Bc6
15. Nxc6 Qxc6 16. O-O O-O 17. Rad1 Rfe8 18. Rfe1 a6 19. Qe3 Rad8 20. Qh3 g6 21.
Bb3 Nd5 22. Qf3 b5 23. Re2 a5 24. a3 Rd7 25. Rde1 Red8 26. Re5 Bc5 27. Bxc5 Qxc5
28. h4 a4 29. Ba2 Qf8 30. Bb1 Qg7 31. g3 Qh6 32. Kg2 Qd2 33. R5e2 Qh6 34. Bc2
Qg7 35. Re5 Qh6 36. h5 Qg7 37. R1e2 Rd6 38. R5e4 Qf6 39. Qg4 Qf5 40. Qh4 Qf6 41.
hxg6 hxg6 42. Qxf6 Nxf6 43. Rb4 Rd5 44. c4 Rd4 45. cxb5 Rxb4 46. axb4 Rd4 47.
Bxa4 Rxb4 48. b3 Nd5 49. Rc2 Nb6 50. Kf3 e5 51. Ke2 Kf8 52. Rc7 Nxa4 53. bxa4
Rxa4 54. b6 Rb4 55. b7 Kg7 56. Kd3 Kf6 57. Kc3 Rb1 58. Kc4 Ke6 59. Kc5 Rc1+ 60.
Kb6 Rb1+ 61. Ka7 Ra1+ 62. Kb8 Rh1 63. Rc6+ Kd7 64. Rf6 Ke7 65. Ra6 1-0

[Event "Druzynowe Mistrzostwa Polski - I Liga 2018"]
[Site "Pokrzywna"]
[Date "1899-12-30"]
[Round "3.10"]
[White "Dybowski, Jerzy"]
[Black "Cvek, Robert"]
[Result "0-1"]
[WhiteTitle "FM"]
[BlackTitle "GM"]
[WhiteElo "2276"]
[BlackElo "2509"]

1. d4 Nf6 2. e3 c5 3. c3 e6 4. Bd3 b6 5. Qe2 Bb7 6. f4 Be4 7. Nd2 Bxd3 8. Qxd3
d5 9. Ngf3 g6 10. O-O Bg7 11. a4 O-O 12. b3 Qc7 13. Bb2 Nbd7 14. Rfc1 Qb7 15.
Ne5 Rfd8 16. Nxd7 Nxd7 17. Qe2 Rac8 18. b4 cxb4 19. cxb4 Bf8 20. b5 Nf6 21. Qd3
Rxc1+ 22. Rxc1 Rc8 23. Rxc8 Qxc8 24. Qc3 Qxc3 25. Bxc3 Ba3 26. Nb3 Ne4 27. Bd2
h5 28. Kf1 Kg7 29. Ke2 Kf6 30. Be1 Kf5 31. Kd3 Nd6 32. Bc3 Ne4 33. Be1 Bd6 34.
h3 Be7 35. Na1 g5 36. fxg5 Kxg5 37. Nc2 f6 38. Bb4 Bxb4 39. Nxb4 Kh4 40. Nc6 Kg3
41. Nxa7 Nd6 42. a5 bxa5 43. b6 Kxg2 44. Nb5 Nb7 45. Nc7 Kxh3 46. Nxe6 h4 47.
Nc5 Nd8 48. Ne6 Nc6 49. Nf4+ Kg3 50. Nh5+ Kf3 51. Nf4 Nd8 52. Kc3 Nb7 53. Kb3
Kxe3 54. Nxd5+ Kf3 0-1

[Event "Druzynowe Mistrzostwa Polski - I Liga 2018"]
[Site "Pokrzywna"]
[Date "1899-12-30"]
[Round "3.11"]
[White "Polok, Kacper"]
[Black "Praszak, Michal"]
[Result "1/2-1/2"]
[WhiteTitle "FM"]
[BlackTitle "m"]
[WhiteElo "2295"]
[BlackElo "2068"]

1. e4 c5 2. Nc3 Nc6 3. Bb5 Nd4 4. Bc4 g6 5. Nf3 Bg7 6. Nxd4 cxd4 7. Qf3 e6 8. Nb5
Be5 9. c3 dxc3 10. dxc3 a6 11. Nd4 Ne7 12. Bh6 b5 13. Bb3 Bb7 14. Qe3 Nc6 15.
Nxc6 Bxc6 16. f4 Qh4+ 17. Qg3 Qxh6 18. fxe5 O-O 19. O-O Bxe4 20. Rf4 Bf5 21. Rd1
Rad8 22. Rfd4 d5 23. exd6 Rd7 24. c4 Rc8 25. cxb5 axb5 26. Qe5 Bc2 27. Bxe6 Bxd1
28. Bxd7 Rc1 29. Qe8+ Kg7 30. Qe5+ Kg8 31. Bh3 Bg4+ 32. Kf2 Qh4+ 33. Qg3 Rc2+
34. Kg1 Rc1+ 35. Kf2 1/2-1/2

[Event "Druzynowe Mistrzostwa Polski - I Liga 2018"]
[Site "Pokrzywna"]
[Date "1899-12-30"]
[Round "3.12"]
[White "Szwed, Jacek"]
[Black "Sopur, Lech"]
[Result "0-1"]
[WhiteTitle "FM"]
[BlackTitle "m"]
[WhiteElo "2397"]
[BlackElo "2403"]

1. e4 e5 2. Nf3 Nc6 3. Bc4 Bc5 4. c3 Nf6 5. d3 O-O 6. Nbd2 d5 7. Bb3 Be6 8. Ba4
Qd6 9. Qe2 dxe4 10. dxe4 Ne7 11. b4 Bb6 12. Nc4 Bxc4 13. Qxc4 a5 14. b5 Qc5 15.
Qxc5 Bxc5 16. Bc2 Nd7 17. Ke2 Nc8 18. Nd2 Nd6 19. a4 Rfd8 20. Nb3 Bb6 21. Rd1
Nf8 22. Rd5 f6 23. Nc5 Kf7 24. Ba3 Ke8 25. Rad1 Bxc5 26. Rxc5 Ne6 27. Rxc7 Nxc7
28. Bxd6 Rd7 29. c4 Ne6 30. c5 Rc8 31. g3 Nxc5 32. Ke3 Ne6 0-1

[Event "Druzynowe Mistrzostwa Polski - I Liga 2018"]
[Site "Pokrzywna"]
[Date "1899-12-30"]
[Round "3.13"]
[White "Cukrowski, Filip"]
[Black "Zylka, Stanislaw"]
[Result "1-0"]
[WhiteTitle "FM"]
[BlackTitle "FM"]
[WhiteElo "2397"]
[BlackElo "2327"]

1. e4 c6 2. d4 d5 3. exd5 cxd5 4. g3 Nf6 5. Bg2 Bg4 6. Nf3 e6 7. h3 Bh5 8. O-O
Be7 9. Nc3 Nc6 10. Ne2 O-O 11. Nf4 Bxf3 12. Bxf3 Qb6 13. c3 Na5 14. Re1 Rfe8 15.
h4 Nc4 16. Nd3 Rac8 17. Qb3 Qc6 18. Ne5 Nxe5 19. Rxe5 Bd6 20. Re2 Ne4 21. Bxe4
dxe4 22. d5 exd5 23. Be3 Bc5 24. Bxc5 Qxc5 25. Rd1 Rcd8 26. Qxb7 e3 27. Rd4 exf2+
28. Kxf2 Rxe2+ 29. Kxe2 Qd6 30. Kf2 Qe5 31. Rf4 Qe6 32. Qxa7 Re8 33. Kg2 h5 34.
Qd4 Re7 35. Rf2 Re8 36. a4 Qc6 37. Rd2 Re1 38. Qxd5 Qxa4 39. Rf2 Qe8 40. Qxh5
Qa8+ 41. Qf3 Qa7 42. Re2 Qg1+ 43. Kh3 Rxe2 44. Qxe2 Qh1+ 45. Qh2 Qe4 46. Qg2 Qb1
47. Kh2 f5 48. Qd2 Kf7 49. c4 Qf1 50. c5 Qc4 51. b4 Kg8 52. Qf4 Qc2+ 53. Kh3 Qb1
54. Qf3 Qxb4 55. Qxf5 Qc4 56. h5 Qc1 57. Qd5+ Kh8 58. Qa8+ Kh7 59. Qe4+ Kh8 60.
c6 Qf1+ 61. Kh4 Qc1 62. Qf3 Qc4+ 63. g4 Kg8 64. Kh3 Kh8 65. g5 Qe6+ 66. Kh4 Qc4+
67. Kg3 Qc5 68. g6 Qe5+ 69. Kg2 Qd5 70. c7 Qd2+ 71. Kg3 Qd6+ 72. Qf4 Qd3+ 73.
Kh4 Qc4 74. Kg4 Qe6+ 75. Kf3 Qc6+ 76. Ke3 Qc3+ 77. Ke4 Qc4+ 78. Kf5 Qd5+ 79. Qe5
Qd7+ 80. Ke4 Qc6+ 81. Kd4 Qd7+ 82. Kc5 Qe6 83. Qd6 Qe3+ 84. Kc6 Qe6 85. h6 Qe4+
86. Kd7 Qf5+ 87. Kd8 Qg5+ 88. Qe7 Qd5+ 89. Qd7 Qg5+ 90. Kc8 1-0

[Event "Druzynowe Mistrzostwa Polski - I Liga 2018"]
[Site "Pokrzywna"]
[Date "1899-12-30"]
[Round "3.14"]
[White "Koziol, Kamil"]
[Black "Kaczmarek, Aleksander"]
[Result "1/2-1/2"]
[WhiteTitle "FM"]
[BlackTitle "FM"]
[WhiteElo "2310"]
[BlackElo "2398"]

1. e4 c6 2. d4 d5 3. e5 c5 4. dxc5 e6 5. a3 Nc6 6. Nf3 Bxc5 7. b4 Bb6 8. Bb2 f6
9. Bd3 fxe5 10. O-O Nf6 11. Nxe5 O-O 12. Nd2 a5 13. b5 Nxe5 14. Bxe5 Bd7 15. Nf3
Ng4 16. h3 Rxf3 17. hxg4 Rf7 18. c3 Qg5 19. Bd4 Bc7 20. Be3 Qh4 21. f4 e5 22.
Be2 exf4 23. Qxd5 Qe7 24. Bc4 Qxe3+ 25. Rf2 Be8 26. Qxb7 Qa7 27. Qxa7 Rxa7 28.
Re1 Kf8 29. Bxf7 Bxf7 30. Rd2 Bb6+ 31. Kh2 g5 32. Re5 f3 33. g3 Bc4 34. Rd6 f2
35. Rxb6 f1=Q 36. Rb8+ Kf7 37. Rf5+ Qxf5 38. gxf5 Rd7 39. b6 Rd1 40. g4 Rb1 41.
Rc8 Ba6 42. Rc6 Ke8 43. c4 Kd7 44. Rc7+ Kd6 45. c5+ Ke5 46. Ra7 Bc4 47. Rxa5 h5
48. Ra4 Bd5 49. Rb4 Rh1+ 50. Kg3 h4+ 51. Kf2 Rh2+ 52. Kf1 Rh1+ 53. Kf2 Rh2+ 54.
Kf1 Rh1+ 1/2-1/2

[Event "Druzynowe Mistrzostwa Polski - I Liga 2018"]
[Site "Pokrzywna"]
[Date "1899-12-30"]
[Round "3.15"]
[White "Orzech, Dominik"]
[Black "Tomaszewski, Kacper"]
[Result "1-0"]
[WhiteTitle "IM"]
[BlackTitle "k++"]
[WhiteElo "2365"]
[BlackElo "2281"]

1. d4 Nf6 2. Nf3 e6 3. c4 d5 4. Nc3 Be7 5. cxd5 exd5 6. Bg5 c6 7. Qc2 Na6 8. a3
g6 9. e3 Bf5 10. Bd3 Bxd3 11. Qxd3 Nc7 12. b4 a6 13. O-O O-O 14. Rfc1 Re8 15.
Nd2 Nh5 16. Bxe7 Qxe7 17. a4 f5 18. g3 Nf6 19. b5 axb5 20. axb5 Rxa1 21. Rxa1
c5 22. dxc5 Qxc5 23. Nb3 Qd6 24. Ra7 f4 25. exf4 Qb6 26. Qd4 Qe6 27. Kg2 Rb8 28.
Na5 Ne4 29. b6 Na8 30. Nxd5 Nd6 31. Nf6+ Kf7 32. Nxh7 Ne4 33. Nxb7 Kg8 34. Nd8
1-0

[Event "Druzynowe Mistrzostwa Polski - I Liga 2018"]
[Site "Pokrzywna"]
[Date "1899-12-30"]
[Round "3.16"]
[White "Walach, Marcin"]
[Black "Flis, Pawel"]
[Result "1-0"]
[WhiteTitle "FM"]
[BlackTitle "k"]
[WhiteElo "2324"]
[BlackElo "1922"]

1. e4 e5 2. Nf3 Nc6 3. Bc4 Nf6 4. Ng5 d5 5. exd5 Na5 6. Bb5+ c6 7. dxc6 bxc6 8.
Qf3 Rb8 9. Bd3 Be7 10. Bf5 Bb7 11. Nc3 h6 12. Nge4 Nd5 13. Qg3 Bf6 14. O-O Bc8
15. Bxc8 Rxc8 16. d4 Nxc3 17. Qxc3 exd4 18. Nxf6+ gxf6 19. Qc5 Nb7 20. Re1+ Kd7
21. Qxd4+ 1-0